|
|
|
|
| LEADER |
01060nam a2200277 a 4500 |
| 001 |
15343511 |
| 008 |
130320s2009 caua b 001 0 eng d |
| 010 |
|
|
|a 2008028598
|
| 020 |
|
|
|a 9781412970112 (pbk.)
|
| 020 |
|
|
|a 1412970113 (pbk.)
|
| 040 |
|
|
|a DLC
|c DLC
|d C#P
|d BWX
|d CDX
|d DLC
|d BD-DhAAL
|
| 082 |
0 |
0 |
|a 808.0666
|2 22
|
| 100 |
1 |
|
|a Wolcott, Harry F.,
|d 1929-
|
| 245 |
1 |
0 |
|a Writing up qualitative research /
|c Harry F. Wolcott.
|
| 250 |
|
|
|a 3rd ed.
|
| 260 |
|
|
|a Los Angeles :
|b SAGE,
|c c2009.
|
| 300 |
|
|
|a xiii, 191 p. :
|b ill. ;
|c 23 cm.
|
| 504 |
|
|
|a Includes bibliographical references (p. 173-186) and indexes.
|
| 541 |
|
|
|e 00026735
|
| 650 |
|
0 |
|a Technical writing.
|
| 650 |
|
0 |
|a Ethnology
|x Authorship.
|
| 650 |
|
0 |
|a Ethnology
|x Qualitative research.
|
| 650 |
|
0 |
|a Educational anthropology
|x Authorship.
|
| 852 |
1 |
|
|a Ayesha Abed Library
|c General shelf.
|
| 999 |
|
|
|c 13255
|d 13255
|
| 952 |
|
|
|0 0
|1 0
|2 ddc
|4 0
|6 808_066600000000000_WOL
|7 0
|9 22086
|a JPGSPH
|b JPGSPH
|c GEN
|d 2013-03-23
|e Karim International
|g 3820.00
|l 0
|o 808.0666 WOL
|p 3060026735
|r 2013-03-23
|t 1
|w 2013-03-23
|y BK
|